Cesantía y pensiones: una visión socialdemócrata sobre los temas de la reforma social necesaria /
Сохранить в:
| Главный автор: | |
|---|---|
| Формат: | Текст |
| Предметы: | |
| Метки: |
Добавить метку
Нет меток, Требуется 1-ая метка записи!
|
MARC
| LEADER | 00000 a a2200000 04500 | ||
|---|---|---|---|
| 001 | 17137 | ||
| 003 | |||
| 040 | |||
| 100 | |a Monge Fernández, Guido Alberto | ||
| 245 | |a Cesantía y pensiones: |b una visión socialdemócrata sobre los temas de la reforma social necesaria / |c Guido Alberto Monge Fernández | ||
| 650 | |a REFORMA SOCIAL | ||
| 650 | |a LEGISLACION SOCIAL | ||
| 650 | |a POLITICA SOCIAL | ||
| 650 | |a SEGURIDAD SOCIAL | ||
| 650 | |a SISTEMAS DE JUBILACION | ||
| 650 | |a PENSIONES DE JUBILACION | ||
| 650 | |a POLITICA LABORAL | ||
| 650 | |a POLITICA DE EMPLEO | ||
| 650 | |a IDEOLOGIAS POLITICAS | ||
| 650 | |a SOCIAL |z -DEMOCRACIA | ||
| 773 | |g volumen 7, número 2; páginas 49-71 | ||
| 999 | |c 34259 |d 34259 | ||
